01338nab a22002537a 4500003000400000005001700004008004100021040000700062100002300069245015500092260007200247300001000319500003800329505033300367505008900700650002000789650002400809650002500833650001800858650001700876650003100893650002800924773013200952OSt20251231174950.0190605e xxu||||| |||| 00| 0 spa d cPJ aSfeir, Santiago L.13aEl régimen de contratación de los médicos residentes. ¿Formación académica o encubrimiento de una relación laboral? /cSantiago L. Sfeir. aCiudad Autónoma de Buenos Aires :bThomson Reuters La Ley,c2023. ap. 56 aCita: TR LALEY AR/DOC/943/2023.  aSumario: I. Introducción.— II. El régimen de contratación previsto por la ley de residencias médicas.— III. Sesgos de laboralidad en las residencias médicas.— IV. Los pronunciamientos de la CNAT respecto de la temática.— V. Disquisiciones finales. La inconstitucionalidad de la ley de residencias médicas.  t¿Te interesa el texto completo? Solicitalo al correo: koha@justierradelfuego.gov.ar 0aDERECHO LABORAL 0aCONTRATO DE TRABAJO 0aRELACIONES LABORALES 0aSALUD PUBLICA 0aREMUNERACION 0aOBLIGACIONES DEL EMPLEADOR 0aDERECHOS DEL TRABAJADOR0 02711dCiudad Autónoma de Buenos Aires : Thomson Reuters La Ley, 1999-2002.tRevista de derecho del trabajo. Nº 3 - Mayo 2023